[Event "Olympiad-45"]
[White "Karabo, Mokete"]
[Black "Manan, Yoboue Hermann"]
[Site "Budapest"]
[Round "11.3"]
[Result "0-1"]
[Date "2024.09.22"]
[WhiteElo "1836"]
[BlackElo "2030"]
[PlyCount "70"]
[EventDate "2024.09.11"]
[EventType "team-swiss"]
[EventRounds "11"]
[EventCountry "HUN"]
[SourceTitle "EXT 2025"]
[Source "ChessBase"]
[SourceDate "2024.10.14"]
[SourceVersion "1"]
[SourceVersionDate "2024.10.14"]
[SourceQuality "1"]
[WhiteTeam "Lesotho"]
[BlackTeam "Ivory Coast"]
[WhiteTeamCountry "LES"]
[BlackTeamCountry "IVO"]

1. d4 Nf6 2. Nf3 d5 3. c4 e6 4. g3 Be7 5. Bg2 c5 6. cxd5 exd5 7. Nc3 Nc6 8. 0-0 0-0 9. h3 Ne4 10. Be3 Bf6 11. Rc1 Re8 12. Bf4 Nxd4 13. Nxd4 Bxd4 14. Nb5 Be5 15. Bxe5 Rxe5 16. Bxe4 Rxe4 17. Rxc5 Bxh3 18. Rxd5 Qb6 19. Re1 h6 20. Qd3 Re6 21. Rc1 Rae8 22. Rc2 Bg4 23. Nd4 Re5 24. Rxe5 Rxe5 25. Nf3 Bf5 26. Qc3 Ra5 27. Rd2 Rxa2 28. Qe5 Ra1+ 29. Kg2 Qe6 30. Qb8+ Kh7 31. Rd8 Qxe2 32. Rh8+ Kg6 33. Nh4+ Kh5 34. Re8 Bh3+ 35. Kxh3 Qf1+ 0-1

[Event "Olympiad-45"]
[White "Schwarz, Bernhard"]
[Black "Karabo, Mokete"]
[Site "Budapest"]
[Round "9.3"]
[Result "1/2-1/2"]
[Date "2024.09.20"]
[WhiteElo "1875"]
[BlackElo "1836"]
[PlyCount "99"]
[EventDate "2024.09.11"]
[EventType "team-swiss"]
[EventRounds "11"]
[EventCountry "HUN"]
[SourceTitle "EXT 2025"]
[Source "ChessBase"]
[SourceDate "2024.10.14"]
[SourceVersion "1"]
[SourceVersionDate "2024.10.14"]
[SourceQuality "1"]
[WhiteTeam "Namibia"]
[BlackTeam "Lesotho"]
[WhiteTeamCountry "NAM"]
[BlackTeamCountry "LES"]

1. e4 c5 2. Nf3 d6 3. d4 cxd4 4. Nxd4 Nf6 5. Nc3 a6 6. h3 e5 7. Nf3 Be7 8. g4 h6 9. Rg1 b5 10. g5 hxg5 11. Nxg5 Bb7 12. Be3 Qc7 13. Qd2 Nbd7 14. Nd5 Bxd5 15. exd5 Qb7 16. 0-0-0 a5 17. Qd3 b4 18. Bg2 Qa6 19. Qf5 g6 20. Qf3 a4 21. Bf1 Qa5 22. Qg2 b3 23. cxb3 axb3 24. axb3 Nc5 25. Bxc5 Qxc5+ 26. Bc4 Nh5 27. Ne4 Qc7 28. Kc2 Nf4 29. Qf1 Rxh3 30. Rh1 Rh5 31. Ra1 Rxa1 32. Qxa1 f5 33. Rxh5 Nxh5 34. Qa8+ Kf7 35. Nc3 Qc5 36. Qh8 Qxf2+ 37. Kb1 Nf6 38. Nb5 Qe1+ 39. Kc2 Qe4+ 40. Bd3 Qg2+ 41. Kb1 e4 42. Bc4 f4 43. Nc7 Qg1+ 44. Kc2 Qf2+ 45. Kc1 f3 46. Ne6 Nh5 47. Bb5 Qe1+ 48. Kc2 Qf2+ 49. Kc1 Qe1+ 50. Kc2 1/2-1/2

[Event "Olympiad-45"]
[White "Karabo, Mokete"]
[Black "Cheikhna, Mohamed Lemine"]
[Site "Budapest"]
[Round "6.80"]
[Result "1-0"]
[Date "2024.09.16"]
[WhiteElo "1836"]
[BlackElo "1884"]
[PlyCount "47"]
[EventDate "2024.09.11"]
[EventType "team-swiss"]
[EventRounds "11"]
[EventCountry "HUN"]
[SourceTitle "EXT 2025"]
[Source "ChessBase"]
[SourceDate "2024.10.14"]
[SourceVersion "1"]
[SourceVersionDate "2024.10.14"]
[SourceQuality "1"]
[WhiteTeam "Lesotho"]
[BlackTeam "Mauritania"]
[WhiteTeamCountry "LES"]
[BlackTeamCountry "MAU"]

1. d4 d6 2. c4 g6 3. Nf3 Bg7 4. g3 e5 5. Nc3 exd4 6. Nxd4 Ne7 7. Bg2 0-0 8. 0-0 Nbc6 9. Nxc6 Nxc6 10. Nd5 Be6 11. h3 Ne5 12. Qb3 c6 13. Ne3 b5 14. Qc2 Nxc4 15. Nxc4 Bxc4 16. Bxc6 Rc8 17. Bf3 Qe7 18. Qd2 Rfd8 19. a4 Rb8 20. Qa5 b4 21. Bg5 f6 22. Be3 Rd7 23. Rac1 Qe6 24. Rxc4 1-0